Atletico Madrid Players By Market Value (2022/23 Season) - Statistics

General Stats
  • This quiz has been taken 58 times
    20 since last reset
  • The average score is 7 of 12
Answer Stats
Market Value Player % Correct
€40.00m Jan Oblak/Rodrigo de Paul
100%
€25.00m Álvaro Morata/Reinildo Mandava/Antoine Griezmann/Yannick Carrasco/Thomas Lemar
95%
€16.00m Koke/Memphis Depay
79%
€35.00m Marcos Llorente/Ángel Correa/José María Giménez
79%
€10.00m Saúl Ñíguez
63%
€24.00m Nahuel Molina
47%
€7.50m Stefan Savić
47%
€5.00m Axel Witsel/Pablo Barrios
42%
€3.50m Ivo Grbic
42%
€18.00m Geoffrey Kondogbia/Mario Hermoso
32%
€9.00m Matt Doherty
21%
€15.00m Sergio Reguilón
11%
No matching quizzes found
Score Distribution
Percent of People with Each Score
Percentile by Number Answered
Your Score History
You have not taken this quiz since the last reset